| 000 | 00385nam a2200133Ia 4500 | ||
|---|---|---|---|
| 008 | 220217s9999 xx 000 0 und d | ||
| 245 | 0 | _aBritish Standards: Specification for rubber condoms | |
| 260 | _aLondon | ||
| 260 |
_c1972 _bBritish Standards Institution |
||
| 490 | _aBritish Standards | ||
| 500 | _aStandard number: BS 3704 September | ||
| 650 | _aRubber condom | ||
| 942 | _cST | ||
| 999 |
_c73079 _d73079 |
||